000 00885nam a22002657a 4500
003 OSt
005 20210707145649.0
008 210322b 2020 dr p00| 0 eng d
020 _a9789945503852
040 _aDO-SdBNP
_bspa
_cBNPHU
082 4 _aRD861.5
_bF316f
_222
100 1 _aFeliz Sena, David Alexander,
_d1987-
_978210
245 1 0 _aFébelin :
_bun canto a la esperanza /
_cDavid Alexander Feliz Sena.
260 _aSanto Domingo :
_bEdiciones Ferilibro,
_c2020.
300 _a52 p. :
_c21 cm.
490 1 _aPoesía
500 _aIncluye datos biográficos del autor en la solapa de la cubierta.
500 _a16ª Feria Regional del Libro Bahoruco 2020
590 _aInventariado, 2021 /LP
650 4 _aPoesía dominicana
_979071
650 4 _aLiteratura dominicana
_979072
830 0 _aPoesía
_91183
910 _aValidado. Control de calidad MFF
942 _2ddc
_cLBS1
999 _c49646
_d49646